Bí ẩn của sự sống
Giới thiệu quan niệm mới và chính xác hơn về bản chất quá trình sống. Tìm hiểu cơ sở hoá học của sự sống: axitamin, prôtein, axitnucleic, cấu trúc phân tử và đặc tính lý hoá của chất sống...
Sparad:
| Huvudupphovsman: | |
|---|---|
| Övriga upphovsmän: | |
| Materialtyp: | Bok |
| Språk: | Vietnamese |
| Publicerad: |
H.
Khoa học và kỹ thuật
1976
|
| Ämnen: | |
| Taggar: |
Lägg till en tagg
Inga taggar, Lägg till första taggen!
|
| Thư viện lưu trữ: | Mạng thư viện Đại học Đà Nẵng |
|---|
| LEADER | 01387nam a2200373 4500 | ||
|---|---|---|---|
| 001 | 000009232 | ||
| 003 | 5427 | ||
| 005 | 20111025151027.0 | ||
| 008 | 111025s1976 viesd | ||
| 041 | 0 | |a vie | |
| 082 | |a 570 |b NG-K | ||
| 100 | 0 | |a Ngô Tuấn Kỳ | |
| 245 | 0 | |a Bí ẩn của sự sống |c Ngô Tuấn Kỳ, Hoàng Chương | |
| 260 | |a H. |b Khoa học và kỹ thuật |c 1976 | ||
| 300 | |a 323tr: minh hoạ |c 20cm | ||
| 520 | |a Giới thiệu quan niệm mới và chính xác hơn về bản chất quá trình sống. Tìm hiểu cơ sở hoá học của sự sống: axitamin, prôtein, axitnucleic, cấu trúc phân tử và đặc tính lý hoá của chất sống... | ||
| 653 | |a Axit amin | ||
| 653 | |a sinh học | ||
| 653 | |a Sự sống | ||
| 653 | |a tế bào | ||
| 653 | |a prôtêin | ||
| 653 | |a di truyền | ||
| 700 | |a Hoàng Chương |e Tác giả | ||
| 910 | |a Võ Quang Huy |d 25/10/2011 | ||
| OWN | |a LSP | ||
| AVA | |a UDN50 |b LSP |d 570 NG-K |e unavailable |t Error 5002 Not defined in file expand_doc_bib_avail. |f 1 |g 1 |h N |i 0 |k 1 | ||
| 999 | |a From the UDN01 | ||
| AVA | |a UDN50 |b LSP |d 570 NG-K |e unavailable |t Error 5002 Not defined in file expand_doc_bib_avail. |f 1 |g 1 |h N |i 0 |k 1 | ||
| TYP | |a Monograph | ||
| TYP | |a Printed language | ||
| 980 | |a Mạng thư viện Đại học Đà Nẵng | ||